LEADER 01244nam a2200241 i 4500 001 000000158153 003 CaOOAMICUS 005 20070130000000.0 008 070130s1984 it u000 u ita u 013 $a135516 040 $aSeMil$bita 100 1 $aGhilardi, Francesco.$0(OLS)http://semarc/name/41260 245 10$aAll'ombra del Cerro Grosso :$bVita, morti e... miracoli della Vicinanza di Lappato dal 1644 ai nostri giorni con documenti inediti sulla Resistenza /$cFrancesco Ghilardi. 260 $aLucca :$b[s.n.],$c1984. 300 $a655 p. :$bill. ;$c25 cm. 650 4$aChiesa cattolica - Atteggiamento verso il nazionalsocialismo.$0(OLS)http://semarc/subject/16355 650 4$aResistenza - Italia.$0(OLS)http://semarc/subject/16845 650 4$aLappato - Storia.$0(OLS)http://semarc/subject/16846 850 $aSeMil 852 $aSeMil$W1$xVenegono$y1$m3U IV 384$j109819$B109819$CSeMilBibl$Z2$F120942 $81 961 $aOmaggio: Pontiggia don Virginio 996 $6245$aAll'ombra del Cerro Grosso :$bVita, morti e... miracoli della Vicinanza di Lappato dal 1644 ai nostri giorni con documenti inediti sulla Resistenza$9(OLS)http://semarc/title/139401 996 $6260$aLucca :$b[s.n.]$9(OLS)http://semarc/publisher/44033 LEADER 00961nam a2200229 4500 001 000000346533 003 CaOOAMICUS 005 20210610113224.0 008 210610s2010 it 000 u ita r 020 $a978-88-514-0736-0 040 $aSeMil$bita 100 1 $aBorghese, Annalisa.$0(OLS)http://semarc/name/54559 245 13$aLe donne di Wojtyla :$bda mamma Emilia a madre Teresa /$cAnnalisa Borghese. 264 1$aMilano :$bÀncora,$c2010. 300 $a125 p. ;$c21 cm 650 4$aGiovanni Paolo II [e] donne.$0(OLS)http://semarc/subject/50507 850 $aSeMil 852 $aSeMil$W1$xVenegono$y1$m3A II 391$j227126$B237619$CSeMilBibl$Z2$F237619 $81 996 $6020$a978-88-514-0736-0$9(OLS)http://semarc/number/293448 996 $6245$aLe donne di Wojtyla :$bda mamma Emilia a madre Teresa$9(OLS)http://semarc/title/435729 996 $6264$aMilano :$bÀncora$9(OLS)http://semarc/publisher/29763